000 00543 a2200217 4500
005 20260209124624.0
008 260209b |||||||| |||| 00| 0 eng d
020 _a9789383101733
_cRs. 1825.00
040 _aMAIN
082 _a581.1603
_bK529P
100 _aKhurana Mahesh
110 _a
245 _aPlant breeding and genetic engineering
260 _bAgrotech Press
_c2026
_aJaipur
300 _a242
650 _aBotany
650 _aPlant Breeding
650 _aCrop Plants
650 _aPlants Tissue Culture
942 _cBK
999 _c395003
_d395003